Estatísticas para Participantes do Campeonato Brasileiro 2018 - Série D

Clique aqui para jogar o quiz

Estatísticas Gerais

  • Esse quiz foi jogado 55 vezes
  • A pontuação média é 46 de 68

Estatísticas das Respostas

Cidade/UFTime% Correto
Natal/RNAmérica
100%
Altos/PIAltos
94%
Caxias do Sul/RSCaxias
94%
Cianorte/PRCianorte
94%
Arapiraca/ALASA
90%
Brusque/SCBrusque
90%
Ceilândia/DFCeilândia
90%
Campina Grande/PBCampinense
87%
Mogi Mirim/SPMogi Mirim
87%
Campo Grande/MSNovo
87%
Aparecida de Goiânia/GOAparecidense
84%
Macaé/RJMacaé
84%
Mirassol/SPMirassol
84%
Novo Hamburgo/RSNovo Hamburgo
84%
Poços de Caldas/MGCaldense
81%
Imperatriz/MAImperatriz
81%
Itumbiara/GOItumbiara
81%
Lins/SPLinense
81%
Maringá/PRMaringá
81%
Murici/ALMurici
81%
Nova Iguaçu/RJNova Iguaçu
81%
Campos dos Goytacazes/RJAmericano
77%
Taguatinga/DFBrasiliense
77%
Manaus/AMManaus
77%
Plácido de Castro/ACPlácido de Castro
77%
Rio Branco/ACRio Branco
77%
Sinop/MTSinop
77%
Tubarão/SCTubarão
77%
Assu/RNASSU
74%
Caruaru/PECentral
74%
Manaus/AMNacional
74%
Novo Horizonte/SPNovorizontino
74%
Prudentópolis/PRPrudentópolis
74%
Uberlândia/MGUberlândia
74%
Fortaleza/CEFerroviário
71%
Arcoverde/PEFlamengo
71%
Itabaiana/SEItabaiana
71%
Riachão do Jacuípe/BAJacuipense
71%
São Luís/MAMoto Club
71%
Belo Jardim/PEBelo Jardim
68%
Corumbá/MSCorumbaense
68%
Feira de Santana/BAFluminense
68%
Iporá/GOIporá
68%
Macapá/APMacapá
68%
Aracaju/SESergipe
68%
Campina Grande/PBTreze
68%
Vitória da Conquista/BAVitória da Conquista
68%
Itapemirim/ESAtlético Itapemirim
65%
Porto Alegre/RSSão José
65%
Juazeiro do Norte/CEGuarani
61%
Lages/SCInternacional
58%
Patos de Minas/MGURT
58%
Boa VistaRRBaré
55%
Santarém/PASão Raimundo
55%
Boa Vista/RRSão Raimundo
55%
Araraquara/SPFerroviária
52%
Ariquemes/ROReal Ariquemes
52%
Piripiri/PI4 de Julho
48%
Rio de Janeiro/RJMadureira
48%
Macapá/APSantos
48%
Porto Nacional/TOInterporto
45%
Vilhena/ROBarcelona
42%
Tucuruí/PAIndependente
35%
Vitória/ESEspírito Santo
32%
Cuiabá/MTDom Bosco
26%
Boca da Mata/ALSanta Rita
16%
Barra do Corda/MACordina
13%
Araguaína/TOSparta
13%

Distribuição das Pontuações

Percentil de Números Respondidos

Porcentagem de Pessoas com Cada Pontuação

Sua Pontuação Histórica

Você não jogou esse quiz